Loading...
| Beliefs | 14 | 19.29 | 2,200% | 371% | 329% |
| Fine Arts - Auditory | 5 | 18.00 | 1,520% | 280% | 360% |
| Fine Arts - Visual | 4 | 22.50 | 2,700% | 600% | 300% |
| Geography | 3 | 23.33 | 2,533% | 200% | 467% |
| History - American | 8 | 20.00 | 1,800% | 500% | 350% |
| History - European | 7 | 24.29 | 2,571% | 514% | 514% |
| History - World | 8 | 23.75 | 2,500% | 450% | 375% |
| Literature - American | 5 | 24.00 | 1,520% | 400% | 520% |
| Literature - British | 5 | 16.00 | 1,520% | 360% | 160% |
| Literature - European | 4 | 22.50 | 3,600% | 300% | 450% |
| Other Academic | 1 | 30.00 | 3,600% | 600% | 600% |
| Other Arts: Auditory | 3 | 16.67 | 3,600% | 200% | 200% |
| Other Arts: Visual | 3 | 16.67 | 0% | 467% | 267% |
| Other Science: Astronomy | 1 | 20.00 | 3,600% | 600% | 0% |
| Other Science: Computer Science | 2 | 10.00 | 0% | 300% | 300% |
| Other Science: Earth Science | 2 | 15.00 | 3,600% | 300% | 0% |
| Other Science: Math | 3 | 16.67 | 1,200% | 333% | 400% |
| Philosophy | 2 | 25.00 | 1,800% | 600% | 600% |
| Science - Biology | 4 | 20.00 | 2,700% | 300% | 450% |
| Science - Chemistry | 5 | 16.00 | 1,440% | 320% | 320% |
| Science - Physics | 8 | 20.00 | 1,600% | 325% | 375% |
| Social Science | 6 | 21.67 | 1,533% | 333% | 433% |
| 11 | 20.91 | 2,291% | 473% | 364% |